000
00274nam a2200109Ia 4500
008
200302s9999 xx 000 0 und d
100
_a
Nadia Amoroso & Other
245
_a
Digital Landscape Architecture Now
260
_b
Thomes & Hudson.com
260
_c
2012
300
_a
304
999
_c
3372
_d
3372